000 00726cam a22002173 4500
001 tmp92006391
003 DLC
005 20260227112753.0
008 050520s1903 dcu 000 0beng
010 _atmp92006391
040 _aDLC
_cDLC
050 0 0 _aE464
_b.M54 no. 47
051 _aE457.15
_bK65
100 1 _aKniffin, G. C.
245 0 3 _aAn interview with Abraham Lincoln,
_cprepared by G.C. Kniffin and read at the stated meeting of March 6, 1903.
260 _a[Washington, D.C.,
_c1903]
300 _a13 p.
_c23 cm.
490 1 _aWar papers
_v47
600 1 0 _aLincoln, Abraham,
_d1809-1865.
830 0 _aWar papers (Military Order of the Loyal Legion of the United States. District of Columbia Commandery) ;
_v47.
999 _c91043
_d91043